00569nam a22001575i 4500001000700000003000900007005001700016008004100033040002000074100003500094245007000129260005700199300002100256500003400277852010000311158103ES-MaACL20240511063039.0040823s1886 sp |||| | spa d aCAM bspa cCAM1 aLorenzo d'Ayot, Manuel,d-191113aEl beso b: poema en prosa original / cde Manuel Lorenzo d'Ayot. aMadrid : b[s.n.], c1886 (fImprenta de G. Pedraza) a11 p. ; c11 cm. aEn port. consta: No se vende. aES-MaACLjT-478-F-1 z-- Enc. hol. q-- Falto de la cub. original z-- Enc. en un vol. facticio